| 000 | 00666nam a2200193 4500 | ||
|---|---|---|---|
| 001 | 122245 | ||
| 003 | ES-MaACL | ||
| 005 | 20230906191934.0 | ||
| 007 | t| | ||
| 008 | 070214s1973 sp r ||||1| spa d | ||
| 100 | 1 |
_aPoupard, Alexis. _993453 |
|
| 245 | 1 | 3 |
_aEl camping y su técnica / _cAlexis Poupard ; con la colaboración de René Moyset ; prefacio de Claude Fontaine ; traducción de Alberto Solé Benet. |
| 260 |
_aBarcelona : _bHispano-Europea, _c1973. |
||
| 300 |
_a65 p. : _bil. ; _c21 cm. |
||
| 700 | 1 |
_aMoyset, René. _983994 |
|
| 700 | 1 |
_aFontaine, Claude. _951579 |
|
| 700 | 1 |
_aSolé Benet, Alberto. _9107124 |
|
| 852 |
_aES-MaACL _jC-54798 _bR.87097 |
||
| 999 |
_c122245 _d122245 |
||